[Event "Kirchhellen- Altenessen"]
[Site "?"]
[Date "2022.10.16"]
[Round "3.3"]
[White "Kordonowski, Frank"]
[Black "Hoffterheide, Thomas"]
[Result "0-1"]
[WhiteElo "2034"]
[BlackElo "1950"]
[PlyCount "106"]
[SourceDate "2022.10.02"]

1. Nf3 g6 2. g3 Bg7 3. Bg2 Nf6 4. O-O O-O 5. c4 c6 6. Nc3 d6 7. d3 Nbd7 8. Rb1
Rb8 9. b4 Ne8 10. Qc2 a6 11. e4 Nc7 12. Be3 Ne6 13. Ne2 b5 14. a4 bxc4 15. Qxc4
c5 16. bxc5 Rxb1 17. Rxb1 Nexc5 18. Ned4 Nb6 19. Qc2 Nbxa4 20. Bd2 Bd7 21. Bf1
Qa8 22. Bg5 Re8 23. Kg2 h6 24. Be3 e5 25. Ne2 Bb5 26. Nc1 Rc8 27. Qd2 Kh7 28.
h4 Rd8 29. h5 Qc8 30. Kh2 Qe6 31. Bh3 Qe7 32. Nh4 Bd7 33. hxg6+ fxg6 34. Bg2
Be6 35. d4 exd4 36. Bxd4 Be5 37. f4 Bg7 38. f5 Bf7 39. fxg6+ Bxg6 40. Nf5 Bxf5
41. exf5 Be5 42. Ne2 Rg8 43. Nf4 Qg5 44. Bf2 Qxf5 45. Re1 Kh8 46. Nh3 Qg6 47.
Re3 Ne6 48. Bd5 Nac5 49. Rf3 Rb8 50. Nf4 Nxf4 51. gxf4 Rb2 52. Qe3 Bg7 53. Rg3
Qh5+ 0-1

[Event "Kirchhellen- Altenessen"]
[Site "?"]
[Date "2022.10.16"]
[Round "3.4"]
[White "Andersen, Knut"]
[Black "Cavasin, Joerg"]
[Result "1/2-1/2"]
[WhiteElo "2119"]
[BlackElo "1885"]
[Annotator "daniel"]
[PlyCount "177"]
[SourceDate "2022.10.02"]

1. d4 Nf6 2. Nf3 g6 3. Nc3 Bg7 4. e4 d6 5. Bf4 O-O 6. Qd2 c5 7. d5 a6 8. a4
Nbd7 9. Be2 Ng4 10. h3 Nge5 11. Nxe5 Nxe5 12. Bh6 f6 13. Bxg7 Kxg7 14. O-O b6
15. f4 Nf7 16. Nd1 Rb8 17. Ne3 Qc7 18. b3 Re8 19. Bd3 Qb7 20. Qe2 Ra8 21. c4
Bd7 22. Rfb1 a5 23. Rf1 Rh8 24. Rae1 Rag8 25. Rf2 Qc8 26. Qb2 h5 27. Kh2 Rf8
28. Qc2 Rh6 29. h4 Rg8 30. Qb2 Qc7 31. Nf1 Bg4 $11 32. Nd2 Rf8 33. Re3 Kg8 34.
Be2 Qd7 35. Rg3 Kh7 36. Qc2 Kg7 37. Qd1 Rfh8 38. Kg1 Qc8 39. Nf3 Bxf3 40. gxf3
Kf8 41. Bf1 Qe8 42. Bh3 Nd8 43. Rfg2 Qf7 44. Qd3 Rg8 45. Qe3 Rhh8 46. Re2 Rg7
47. Kh2 Rhg8 48. Rg1 e5 49. dxe6 Nxe6 50. Bxe6 Qxe6 51. Reg2 Kf7 52. Qd3 Ke7
53. Rd2 g5 54. hxg5 fxg5 55. Qd5 gxf4 56. Rxg7+ Rxg7 57. Qb7+ Kf6 58. Qb8 Ke7
59. Qc7+ Qd7 60. Qxd7+ Kxd7 61. e5 Rg6 62. Kh3 Re6 63. Rxd6+ Rxd6 64. exd6 Kxd6
65. Kh4 Ke5 66. Kxh5 Kd4 67. Kg5 Kc3 68. Kxf4 Kxb3 69. Ke4 Kxc4 70. f4 b5 71.
axb5 Kxb5 72. Kd5 a4 73. f5 a3 74. f6 a2 75. f7 a1=Q 76. f8=Q Qd4+ 77. Ke6 c4
78. Qe8+ Kb4 79. Qb8+ Ka3 80. Qa8+ Kb3 81. Qb7+ Kc2 82. Qh7+ Qd3 83. Qh2+ Kd1
84. Qb8 c3 85. Qb3+ Kd2 86. Qb4 Ke2 87. Qg4+ Ke1 88. Qh4+ Ke2 89. Qg4+ 1/2-1/2

[Event "Kirchhellen- Altenessen"]
[Site "?"]
[Date "2022.10.16"]
[Round "3.5"]
[White "Avgustin, Thomas"]
[Black "Borgs, Martin"]
[Result "0-1"]
[WhiteElo "1738"]
[BlackElo "1939"]
[Annotator "daniel"]
[PlyCount "66"]
[SourceDate "2022.10.02"]

1. e4 c5 2. Nf3 e6 3. d4 cxd4 4. Nxd4 a6 5. c4 Qc7 6. Be3 Nf6 7. Bd3 d6 8. Nc3
Nbd7 9. Rc1 Be7 10. g4 h6 11. f4 Nc5 12. h3 Nxd3+ 13. Qxd3 Nd7 14. Qe2 g5 15.
f5 Ne5 16. b3 Bd7 17. O-O Qa5 18. Rc2 Rc8 $11 19. Rb1 Bf6 20. Qf1 Ke7 21. Rbc1
Nc6 22. fxe6 fxe6 23. Nxc6+ Bxc6 24. c5 dxc5 25. Ne2 b6 26. Bd2 Qb5 27. Rc4 a5
28. Qf3 Rhf8 29. Qe3 Be5 30. Nc3 Qxc4 31. Qxg5+ hxg5 32. Bxg5+ Kd7 33. bxc4 Rf3
0-1

[Event "Kirchhellen- Altenessen"]
[Site "?"]
[Date "2022.10.16"]
[Round "3.6"]
[White "Schueppel, Werner"]
[Black "Drawe, Thomas"]
[Result "1/2-1/2"]
[WhiteElo "1967"]
[BlackElo "2069"]
[PlyCount "65"]
[SourceDate "2022.10.02"]

1. d4 Nf6 2. Nf3 e6 3. c4 b6 4. Bf4 Bb7 5. e3 d5 6. Bd3 Bd6 7. Ne5 O-O 8. O-O
Nbd7 9. Nc3 a6 10. Rc1 Rc8 11. a3 Ne4 12. Qc2 f5 13. Rfd1 Bxe5 14. Bxe5 Nxe5
15. dxe5 Qg5 16. f4 Qg6 17. Bxe4 dxe4 18. Rd7 Bc6 19. Rd4 Qg4 20. Rcd1 g5 21.
Ne2 Ba4 22. Qxa4 Qxe2 23. Qb3 gxf4 24. exf4 Rfe8 25. Qg3+ Kh8 26. R1d2 Qh5 27.
Rd7 Rg8 28. Qe3 Qg4 29. Rf7 Rcd8 30. h3 Qh4 31. Rdd7 Rxd7 32. Rxd7 Rg7 33. Qd2
1/2-1/2

[Event "Kirchhellen- Altenessen"]
[Site "?"]
[Date "2022.10.16"]
[Round "3.7"]
[White "Praßer, Peter"]
[Black "Belitz, Marco"]
[Result "1-0"]
[WhiteElo "1664"]
[BlackElo "1900"]
[PlyCount "47"]
[SourceDate "2022.10.02"]

1. e4 c5 2. Nc3 Nc6 3. f4 g6 4. Bc4 Bg7 5. Nf3 e6 6. a3 Nge7 7. d3 O-O 8. O-O
a6 9. Qe1 b5 10. Bb3 Bb7 11. f5 exf5 12. Qh4 Nd4 13. Bg5 Re8 14. Bd5 Bxd5 15.
Nxd5 Ndc6 16. Nf6+ Bxf6 17. Bxf6 h5 18. Qg5 Kh7 19. exf5 Qc7 20. fxg6+ fxg6 21.
Nh4 Qd6 22. Nxg6 Qd5 23. Nf8+ Rxf8 24. Qg7# 1-0

[Event "Kirchhellen- Altenessen"]
[Site "?"]
[Date "2022.10.16"]
[Round "3.8"]
[White "Burkart, Stefan"]
[Black "Guth, Gerd- Volker"]
[Result "1-0"]
[WhiteElo "1735"]
[BlackElo "1772"]
[PlyCount "71"]
[SourceDate "2022.10.02"]

1. d4 d5 2. c4 c6 3. Nc3 e6 4. Nf3 b6 5. e3 a6 6. Bd3 Nf6 7. O-O Be7 8. b3 O-O
9. Qc2 Nbd7 10. Ne5 Qc7 11. f4 Bb7 12. cxd5 cxd5 13. Nxd5 Nxd5 14. Qxc7 Nxc7
15. Nxd7 Rfd8 16. Nxb6 Rab8 17. Nc4 f6 18. Bd2 Nd5 19. Na5 Nb4 20. Bxb4 Bxb4
21. Nxb7 Rxb7 22. Bxa6 Rc7 23. Bc4 Kf7 24. f5 Bd2 25. fxe6+ Ke7 26. Kf2 Bc3 27.
Rac1 Bb2 28. Rc2 Ba3 29. Rd1 h5 30. Rcd2 g5 31. d5 Bd6 32. a4 h4 33. h3 Rg8 34.
Rd4 f5 35. e4 f4 36. e5 1-0

[Event "Winz Baak- Kamen 2"]
[Site "?"]
[Date "2022.10.16"]
[Round "3.1"]
[White "Thomas, Rumpf"]
[Black "Schwake, Peter"]
[Result "1-0"]
[WhiteElo "2101"]
[BlackElo "1852"]
[PlyCount "85"]
[SourceDate "2022.10.02"]

1. c4 Nf6 2. g3 e5 3. Bg2 c6 4. d4 Bb4+ 5. Bd2 Bxd2+ 6. Qxd2 exd4 7. Qxd4 d5 8.
Nc3 dxc4 9. Qxc4 Be6 10. Qa4 Qe7 11. Nh3 Nbd7 12. Qc2 Rd8 13. Nf4 O-O 14. Nxe6
Qxe6 15. O-O Ne5 16. Rfd1 Rfe8 17. b3 b6 18. Rd2 c5 19. Rad1 Qe7 20. Qf5 g6 21.
Qg5 Rxd2 22. Qxd2 Kg7 23. Nd5 Nxd5 24. Qxd5 Ng4 25. e3 Nf6 26. Qd3 Qe5 27. Kf1
Qb2 28. Qd2 Qxd2 29. Rxd2 Kf8 30. Ke2 Ke7 31. f4 Rc8 32. e4 Rc7 33. e5 Nd7 34.
Ke3 c4 35. Rc2 f6 36. exf6+ Nxf6 37. bxc4 Kd6 38. Kd4 Re7 39. Bf3 Re1 40. c5+
bxc5+ 41. Rxc5 Rf1 42. Rc6+ Ke7 43. Ke3 1-0

[Event "Winz Baak- Kamen 2"]
[Site "?"]
[Date "2022.10.16"]
[Round "3.2"]
[White "Boetzel, Martin"]
[Black "Spaeh, Jan Lukas"]
[Result "1-0"]
[WhiteElo "1920"]
[BlackElo "1898"]
[PlyCount "78"]
[SourceDate "2022.10.02"]

1. d4 d5 2. Nf3 e6 3. Bf4 c5 4. c3 Nf6 5. e3 Bd6 6. Bg3 O-O 7. Nbd2 Qc7 8. Bd3
Nbd7 9. Rc1 e5 10. dxe5 Nxe5 11. Nxe5 Bxe5 12. Bxe5 Qxe5 13. Nf3 Qe7 14. O-O b6
15. Qa4 a6 16. Qh4 Re8 17. h3 Bb7 18. Rfe1 Rad8 19. Rcd1 b5 20. a3 h6 21. Be2
Qc7 22. g4 Ne4 23. g5 hxg5 24. Nxg5 Nxg5 25. Qxg5 Re5 26. Qg3 Rd6 27. Kh2 Rh6
28. Rg1 g6 29. f4 Re8 30. f5 Qe7 31. Bd3 Qxe3 32. fxg6 fxg6 33. Bxg6 Qxg3+ 34.
Rxg3 Re2+ 35. Kg1 Rxb2 36. Re1 Bc6 37. Re7 Kf8 38. Rf7+ Kg8 39. Rc7 Rb1+ 1-0

[Event "Winz Baak- Kamen 2"]
[Site "?"]
[Date "2022.10.16"]
[Round "3.3"]
[White "Bals, Jochen"]
[Black "Haupt, Horst- Peter"]
[Result "1/2-1/2"]
[WhiteElo "1907"]
[BlackElo "1706"]
[PlyCount "43"]
[SourceDate "2022.10.02"]

1. e4 e5 2. Bc4 Nf6 3. Nf3 d6 4. Nc3 Be7 5. d4 exd4 6. Nxd4 a6 7. a4 O-O 8. O-O
Bg4 9. f3 Bd7 10. Be3 Nc6 11. Qe2 Nxd4 12. Bxd4 Be6 13. Rfd1 Qc8 14. Nd5 Bxd5
15. exd5 Re8 16. Qd3 Nd7 17. Re1 Bf6 18. Bxf6 Nxf6 19. Bb3 Qd7 20. c4 Rxe1+ 21.
Rxe1 Re8 22. Re2 1/2-1/2

[Event "Winz Baak- Kamen 2"]
[Site "?"]
[Date "2022.10.16"]
[Round "3.4"]
[White "Groß, Michael"]
[Black "Koch, Marcel"]
[Result "1/2-1/2"]
[WhiteElo "1691"]
[BlackElo "1902"]
[Annotator "daniel"]
[PlyCount "81"]
[SourceDate "2022.10.02"]

1. e4 d5 2. d4 dxe4 3. Nc3 Nf6 4. f3 exf3 5. Nxf3 Bg4 6. Bc4 e6 7. O-O c6 8.
Be3 Be7 9. a3 O-O 10. Kh1 Nbd7 11. Bd3 Nb6 12. Qe1 Nbd5 13. Nxd5 Nxd5 14. Bd2
Bh5 15. c4 Nb6 16. Bc3 Bf6 17. Qe3 Re8 18. Ne5 $11 Na4 19. Bxh7+ Kxh7 20. Qh3
Qc7 21. Qxh5+ Kg8 22. Ng4 Bd8 23. Rf3 Nxc3 24. bxc3 g6 25. Qh6 f5 26. Qxg6+ Kf8
27. Raf1 Qf7 28. Qh6+ Qg7 29. Qh5 Qf7 30. Qh6+ Qg7 31. Qh5 Qf7 $11 32. Qxf7+
Kxf7 33. Ne5+ Ke7 34. Rg3 Bc7 35. Rg7+ Kd8 36. Rd1 Kc8 37. h4 Rh8 38. g3 a5 39.
Nf7 Re8 40. Kg2 a4 41. h5 1/2-1/2

[Event "Winz Baak- Kamen 2"]
[Site "?"]
[Date "2022.10.16"]
[Round "3.5"]
[White "Rotter, Chris"]
[Black "Franke, Wolfgang"]
[Result "1-0"]
[WhiteElo "1726"]
[BlackElo "1809"]
[PlyCount "65"]
[SourceDate "2022.10.02"]

1. Nf3 e5 2. Nxe5 d5 3. d4 Bd6 4. Nf3 Bg4 5. Nbd2 f5 6. g3 c6 7. Bg2 Nf6 8. O-O
Nbd7 9. c4 Qe7 10. cxd5 cxd5 11. Qb3 O-O-O 12. Re1 f4 13. Nf1 fxg3 14. hxg3
Bxf3 15. Bxf3 Ne4 16. Qxd5 Ndf6 17. Qf5+ Kb8 18. Bf4 Ka8 19. Bxd6 Rxd6 20. Rac1
Rd7 21. Qe5 Re8 22. Qxe7 Rdxe7 23. Rc2 g5 24. Rec1 Kb8 25. e3 g4 26. Bg2 h5 27.
Nd2 Ng5 28. Nc4 Rd7 29. Ne5 Rh7 30. Rc4 Nfe4 31. R1c2 Rf8 32. a4 Nf3+ 33. Nxf3
1-0

[Event "Winz Baak- Kamen 2"]
[Site "?"]
[Date "2022.10.16"]
[Round "3.6"]
[White "Wieschermann, Axel"]
[Black "Zeitz, Max"]
[Result "1/2-1/2"]
[WhiteElo "1642"]
[BlackElo "1619"]
[PlyCount "65"]
[SourceDate "2022.10.02"]

1. d4 Nf6 2. c4 g6 3. Nc3 d5 4. cxd5 Nxd5 5. e4 Nxc3 6. bxc3 Bg7 7. Bc4 O-O 8.
Ne2 c5 9. O-O Qc7 10. Qc2 Nd7 11. Rb1 Nb6 12. Bb3 Bd7 13. Qb2 Rfd8 14. Bf4 e5
15. Bg3 c4 16. Bc2 Re8 17. d5 Rab8 18. Qa3 Bf8 19. Qc1 Ba4 20. f3 Bxc2 21. Qxc2
Nd7 22. Qa4 a6 23. Bf2 Ra8 24. Rb2 b5 25. Qc2 Ba3 26. Rbb1 Rec8 27. Rfe1 Nc5
28. Bxc5 Qxc5+ 29. Kf1 Rab8 30. Red1 a5 31. Nc1 Qd6 32. g3 Kg7 33. Kg2 1/2-1/2

[Event "Winz Baak- Kamen 2"]
[Site "?"]
[Date "2022.10.16"]
[Round "3.7"]
[White "Bui, Hoan Tam"]
[Black "Sueßmann, Holger"]
[Result "0-1"]
[WhiteElo "1606"]
[BlackElo "1595"]
[PlyCount "66"]
[SourceDate "2022.10.02"]

1. e4 c5 2. c3 d5 3. exd5 Qxd5 4. d4 cxd4 5. cxd4 Nc6 6. Nf3 Bg4 7. Be2 e6 8.
Nc3 Bb4 9. O-O Bxc3 10. bxc3 Nge7 11. Re1 O-O 12. h3 Bh5 13. g4 Bg6 14. Nh4
Rac8 15. Bf3 Qd7 16. Ba3 Rfd8 17. Rc1 Na5 18. Bxe7 Qxe7 19. Nxg6 hxg6 20. Qa4
Qc7 21. Qa3 a6 22. Qb4 b5 23. a4 bxa4 24. Qxa4 Rb8 25. Rc2 Rd6 26. Re5 Nb3 27.
d5 Rdb6 28. Re1 exd5 29. Re8+ Rxe8 30. Qxe8+ Kh7 31. Bxd5 Nd4 32. Rc1 Qf4 33.
Qe3 Qxe3 0-1

[Event "Winz Baak- Kamen 2"]
[Site "?"]
[Date "2022.10.16"]
[Round "3.8"]
[White "Kotzem, Ernst"]
[Black "Bals, Thabo"]
[Result "1-0"]
[WhiteElo "2025"]
[BlackElo "1570"]
[PlyCount "49"]
[SourceDate "2022.10.02"]

1. e4 e5 2. Nf3 Nc6 3. Bc4 Bc5 4. c3 d6 5. b4 Bb6 6. a4 a6 7. a5 Ba7 8. Qb3 Qf6
9. d3 Bg4 10. Bg5 Qg6 11. Nbd2 Nf6 12. h3 Bxf3 13. Nxf3 h6 14. Bh4 O-O 15. g4
Nh7 16. Ke2 Ng5 17. Bxg5 hxg5 18. h4 Rfe8 19. hxg5 Nd8 20. Rh5 d5 21. Bxd5 c6
22. Nh4 Qd6 23. Nf5 Qxd5 24. exd5 g6 25. Nd6 1-0

[Event "Linden- Bochum 3"]
[Site "?"]
[Date "2022.10.16"]
[Round "3.1"]
[White "Birkemeyer, Jan"]
[Black "Hahn, Matthias"]
[Result "0-1"]
[WhiteElo "1892"]
[BlackElo "2088"]
[PlyCount "68"]
[SourceDate "2022.10.02"]

1. d4 d5 2. c4 e6 3. g3 Nf6 4. Bg2 dxc4 5. Nf3 Nbd7 6. O-O Rb8 7. Nc3 Be7 8.
Qa4 a6 9. Qxc4 b5 10. Qb3 Bb7 11. Ne5 Bxg2 12. Kxg2 Nxe5 13. dxe5 Nd7 14. Rd1
Qc8 15. Ne4 O-O 16. f4 Nc5 17. Nxc5 Bxc5 18. Be3 Be7 19. Bf2 c5 20. Qf3 Qb7 21.
Rd2 Qxf3+ 22. Kxf3 Rfd8 23. Rad1 Rxd2 24. Rxd2 Rb7 25. h4 h5 26. e4 c4 27. g4
hxg4+ 28. Kxg4 b4 29. h5 a5 30. Bd4 Rd7 31. Kf3 Bc5 32. Be3 Rxd2 33. Bxd2 Bd4
34. Bc1 a4 0-1

[Event "Linden- Bochum 3"]
[Site "?"]
[Date "2022.10.16"]
[Round "3.2"]
[White "Boehm, Ingo"]
[Black "Hofer, Stefan"]
[Result "1-0"]
[WhiteElo "2177"]
[BlackElo "1767"]
[PlyCount "71"]
[SourceDate "2022.10.02"]

1. e4 c5 2. Nf3 d6 3. d4 cxd4 4. Nxd4 Nf6 5. Nc3 a6 6. g3 e5 7. Nde2 Be7 8. Bg2
b5 9. O-O Nbd7 10. Nd5 Nxd5 11. Qxd5 Nb6 12. Qd3 Bb7 13. Rd1 O-O 14. b3 Qc7 15.
Be3 Nd7 16. Rac1 Nc5 17. Bxc5 Qxc5 18. c4 Rac8 19. Bh3 f5 20. Bxf5 g6 21. cxb5
Qb6 22. Be6+ Kg7 23. Rf1 Rxc1 24. Nxc1 axb5 25. Kg2 Rf6 26. Bd5 Bc8 27. b4 Qa7
28. Ne2 Qd7 29. Ng1 Bd8 30. Qe3 h6 31. Rc1 Rf8 32. Qc3 Bb6 33. f3 g5 34. Qc6
Qa7 35. Qxd6 Bxg1 36. Rc7+ 1-0

[Event "Linden- Bochum 3"]
[Site "?"]
[Date "2022.10.16"]
[Round "3.3"]
[White "Abdullayev, Elchin"]
[Black "Lindner- Emden, Carsten"]
[Result "1-0"]
[WhiteElo "1886"]
[BlackElo "2052"]
[PlyCount "39"]
[SourceDate "2022.10.02"]

1. d4 Nf6 2. c4 e5 3. e3 exd4 4. exd4 d5 5. Bg5 Bb4+ 6. Nc3 O-O 7. Nf3 Re8+ 8.
Be2 dxc4 9. O-O Bxc3 10. bxc3 b5 11. a4 c6 12. Ne5 Be6 13. axb5 cxb5 14. Bf3
Bd5 15. Bxf6 gxf6 16. Ng4 Bxf3 17. Qxf3 Nd7 18. Nh6+ Kf8 19. Qh5 Ke7 20. Rfe1+
1-0

[Event "Linden- Bochum 3"]
[Site "?"]
[Date "2022.10.16"]
[Round "3.4"]
[White "Schmidt, Ralph"]
[Black "Candogan, Yavus"]
[Result "1-0"]
[WhiteElo "1959"]
[BlackElo "1788"]
[PlyCount "59"]
[SourceDate "2022.10.02"]

1. e4 c5 2. Nc3 Nc6 3. d3 Nf6 4. Be3 e5 5. Be2 Be7 6. f4 d6 7. Qd2 Qa5 8. Nf3
Ng4 9. fxe5 dxe5 10. Bg5 f6 11. Bh4 Be6 12. Nd5 Qxd2+ 13. Nxd2 O-O-O 14. h3 Nh6
15. Nxe7+ Nxe7 16. Bf2 b6 17. a4 a5 18. O-O Nc6 19. c3 Nf7 20. Rfc1 Kb8 21. b4
axb4 22. a5 bxc3 23. Rxc3 Nxa5 24. Bxc5 Rc8 25. Rb1 Rxc5 26. Rxc5 Ka7 27. Rc7+
Kb8 28. Re7 Nd8 29. Rxb6+ Kc8 30. d4 1-0

[Event "Linden- Bochum 3"]
[Site "?"]
[Date "2022.10.16"]
[Round "3.5"]
[White "Czarnezki, Lori"]
[Black "Hochstein, Udo"]
[Result "1/2-1/2"]
[WhiteElo "1767"]
[BlackElo "2013"]
[PlyCount "81"]
[SourceDate "2022.10.02"]

1. d4 Nf6 2. c4 g6 3. Nc3 Bg7 4. e4 d6 5. Nf3 O-O 6. Be2 e5 7. O-O Na6 8. Be3
c6 9. Qd2 Ng4 10. Bg5 f6 11. Bh4 Qe8 12. h3 Nh6 13. dxe5 dxe5 14. a3 Be6 15.
Na4 Rd8 16. Qc2 g5 17. Bg3 Qe7 18. c5 Nc7 19. Nd2 Bf7 20. Bc4 Nb5 21. Nb3 Nd4
22. Nxd4 Rxd4 23. Bxf7+ Nxf7 24. Rfd1 Rfd8 25. f3 Qd7 26. Nc3 Bf8 27. Bf2 Rxd1+
28. Rxd1 Qe6 29. Rxd8 Nxd8 30. Qd3 Be7 31. Nd1 Kf7 32. b4 Ke8 33. Kf1 Qd7 34.
Ke2 Ne6 35. Qxd7+ Kxd7 36. g3 Kc7 37. Kd3 b6 38. cxb6+ axb6 39. Nc3 b5 40. Be3
Kd7 41. Bf2 1/2-1/2

[Event "Linden- Bochum 3"]
[Site "?"]
[Date "2022.10.16"]
[Round "3.6"]
[White "Boemelburg, Hans- Juergen"]
[Black "Lampe, Thomas"]
[Result "0-1"]
[WhiteElo "1709"]
[BlackElo "1901"]
[PlyCount "66"]
[SourceDate "2022.10.02"]

1. e4 c5 2. Nf3 Nc6 3. Bb5 e6 4. Bxc6 bxc6 5. O-O d5 6. d3 Ba6 7. Nc3 Qb6 8.
Na4 Qa5 9. c4 dxe4 10. dxe4 Bxc4 11. Re1 Bb5 12. Nc3 Nf6 13. Bg5 Be7 14. a4 Ba6
15. Ne5 Qc7 16. Nf3 O-O 17. Bxf6 Bxf6 18. e5 Be7 19. Ne4 Rfd8 20. Qc1 Rd5 21.
Nc3 Rd3 22. Re3 Rb8 23. Ne4 Qb6 24. Rxd3 Bxd3 25. Nfd2 Qxb2 26. Qxb2 Rxb2 27.
f3 f5 28. exf6 gxf6 29. Nf1 c4 30. Nfg3 f5 31. Nc3 Bc5+ 32. Kh1 Bd4 33. Nd1 c3
0-1

[Event "Linden- Bochum 3"]
[Site "?"]
[Date "2022.10.16"]
[Round "3.7"]
[White "Hartenberg, Yannick"]
[Black "Pappert, Thomas"]
[Result "0-1"]
[WhiteElo "1659"]
[BlackElo "1803"]
[PlyCount "82"]
[SourceDate "2022.10.02"]

1. e4 c5 2. Nf3 Nc6 3. Bc4 e5 4. O-O Be7 5. Nc3 Nf6 6. Re1 O-O 7. d3 d6 8. h3
Be6 9. Bb3 Na5 10. Nd5 Nxb3 11. Nxe7+ Qxe7 12. axb3 Ne8 13. Ng5 f5 14. f4 h6
15. Nxe6 Qxe6 16. Qf3 fxe4 17. Qxe4 Qf7 18. Rf1 exf4 19. Rxf4 Nf6 20. Qf3 d5
21. Bd2 d4 22. b4 b6 23. bxc5 bxc5 24. b3 Qd7 25. Rf5 Nh7 26. Rf1 Rad8 27. Qg4
Rxf5 28. Rxf5 Qd6 29. Bf4 Qc6 30. Be5 Rd7 31. Qg3 Qe6 32. Qf3 Rd8 33. h4 Re8
34. g4 Nf8 35. Bf4 Qe1+ 36. Kg2 Ng6 37. Bg3 Nxh4+ 38. Bxh4 Qxh4 39. Rxc5 Qe1
40. Qd5+ Kh8 41. Qxd4 Re2+ 0-1

[Event "Linden- Bochum 3"]
[Site "?"]
[Date "2022.10.16"]
[Round "3.8"]
[White "Skara, Milenko"]
[Black "Fresen, Hans- Juergen"]
[Result "1/2-1/2"]
[WhiteElo "1978"]
[BlackElo "1814"]
[PlyCount "39"]
[SourceDate "2022.10.02"]

1. e4 e5 2. Nf3 Nc6 3. Bb5 a6 4. Ba4 Nf6 5. O-O d6 6. Re1 Be7 7. c3 Bg4 8. h3
Bh5 9. d4 exd4 10. Bxc6+ bxc6 11. cxd4 O-O 12. Nc3 Re8 13. Bf4 h6 14. e5 Nh7
15. g4 Bg6 16. Ne4 Bxe4 17. Rxe4 Ng5 18. Bxg5 Bxg5 19. Nxg5 Qxg5 20. Qe2
1/2-1/2

[Event "Eving- Gerthe"]
[Site "?"]
[Date "2022.10.16"]
[Round "3.1"]
[White "Quast, Marcel"]
[Black "Sprungala, Erik"]
[Result "1-0"]
[WhiteElo "2189"]
[BlackElo "1985"]
[PlyCount "72"]
[SourceDate "2022.10.02"]

1. e4 c5 2. c3 Nf6 3. e5 Nd5 4. d4 cxd4 5. Nf3 Nc6 6. Bc4 Nb6 7. Bb3 d5 8. exd6
Qxd6 9. O-O Be6 10. Na3 Bxb3 11. Qxb3 e6 12. Nb5 Qd7 13. Nbxd4 Be7 14. Rd1 O-O
15. Nf5 Qc7 16. Nxe7+ Nxe7 17. Nd4 Ned5 18. Bg5 h6 19. Bh4 g5 20. Bg3 Nf4 21.
Bxf4 Qxf4 22. Rd3 Qe4 23. Re3 Qd5 24. Qd1 Nc4 25. Rh3 Kg7 26. b3 Nd6 27. Qh5
Rh8 28. Rd1 Ne4 29. c4 Qe5 30. Qe2 f5 31. Rhd3 Kf6 32. Nf3 Qc5 33. Qb2+ e5 34.
Nxe5 Ke6 35. Nd7 Qc7 36. Qg7 Rad8 1-0

[Event "Eving- Gerthe"]
[Site "?"]
[Date "2022.10.16"]
[Round "3.2"]
[White "Michalek, Franz"]
[Black "Brueggestraß, Volker"]
[Result "0-1"]
[WhiteElo "1896"]
[BlackElo "2036"]
[PlyCount "104"]
[SourceDate "2022.10.02"]

1. d4 Nf6 2. Nf3 c5 3. e3 d5 4. c3 cxd4 5. exd4 Bf5 6. Qb3 Qc8 7. Bf4 Nc6 8.
Nbd2 e6 9. Ne5 Be7 10. Be2 Ne4 11. Nxe4 Bxe4 12. O-O O-O 13. Rfe1 b6 14. Nxc6
Qxc6 15. Bb5 Qc8 16. f3 Bg6 17. Qa4 a6 18. Bd7 Qd8 19. Bc6 b5 20. Qb3 Ra7 21.
a4 bxa4 22. Qxa4 Bd6 23. Bxd6 Qxd6 24. b4 Rc7 25. b5 axb5 26. Bxb5 Rxc3 27.
Rec1 Qc7 28. Qd1 Rc8 29. Rxc3 Qxc3 30. Bd7 Bc2 31. Qe1 Qxd4+ 32. Kh1 Rb8 33.
Rc1 Qb2 34. Kg1 Qxc1 35. Qxc1 Rb1 36. Qxb1 Bxb1 37. Kf2 Kf8 38. f4 Ke7 39. Bb5
Kd6 40. Ke3 f6 41. Be8 e5 42. g3 d4+ 43. Kd2 Kc5 44. Bf7 e4 45. g4 e3+ 46. Ke2
Be4 47. h4 Bd5 48. Be8 Bc4+ 49. Kf3 Kb4 50. h5 h6 51. Bg6 Kc3 52. Be4 Kd2 0-1

[Event "Eving- Gerthe"]
[Site "?"]
[Date "2022.10.16"]
[Round "3.3"]
[White "Gottmann, Bernd"]
[Black "Krause, Dieter"]
[Result "1-0"]
[WhiteElo "1902"]
[BlackElo "2030"]
[PlyCount "87"]
[SourceDate "2022.10.02"]

1. d4 c5 2. d5 e6 3. c4 exd5 4. cxd5 d6 5. Nc3 a6 6. a4 Ne7 7. e4 Ng6 8. Be2
Be7 9. h3 O-O 10. Nf3 Bf6 11. O-O Re8 12. Qc2 Nd7 13. Be3 Qe7 14. Nd2 Bd4 15.
Nd1 Bxe3 16. Nxe3 Nf4 17. Bg4 Ne5 18. Ndc4 Nxc4 19. Nxc4 Bxg4 20. hxg4 Qxe4 21.
Qxe4 Rxe4 22. Nxd6 Rb4 23. Rfd1 g6 24. g3 Ne2+ 25. Kf1 Nd4 26. Rac1 b6 27. a5
Rd8 28. Ne4 f5 29. gxf5 gxf5 30. Nc3 Nb3 31. Rc2 Nxa5 32. Ne2 Nc4 33. b3 Nd6
34. Rc3 Kf7 35. Nf4 Nb5 36. Re3 Nd4 37. Rde1 Rd7 38. Nd3 Rxd5 39. Nxb4 cxb4 40.
Rc1 Ne6 41. Rc6 Nc5 42. Rxb6 Rd4 43. Rf3 Kg7 44. Rc6 1-0

[Event "Eving- Gerthe"]
[Site "?"]
[Date "2022.10.16"]
[Round "3.4"]
[White "Pahne, Dirk"]
[Black "Loeffelbein, Klaus"]
[Result "1-0"]
[WhiteElo "1907"]
[BlackElo "2000"]
[PlyCount "119"]
[SourceDate "2022.10.02"]

1. e4 e6 2. d4 d5 3. Nd2 c5 4. exd5 exd5 5. Ngf3 Nc6 6. Bb5 Nf6 7. Qe2+ Qe7 8.
Qxe7+ Bxe7 9. dxc5 Bxc5 10. Ne5 Bd7 11. Nxd7 Nxd7 12. O-O O-O-O 13. Nb3 Bb6 14.
Bf4 a6 15. Be2 Bc7 16. Be3 f5 17. Bg5 Rde8 18. Bh5 g6 19. Bf3 h6 20. Bd2 Nb6
21. Rad1 Ne5 22. Nd4 Nxf3+ 23. Nxf3 Re4 24. Rfe1 g5 25. g3 Rhe8 26. Kf1 Bd8 27.
Be3 Nc4 28. Rxd5 Nxe3+ 29. Rxe3 Rxe3 30. fxe3 Rxe3 31. Rxf5 Re6 32. Re5 Rd6 33.
Re4 Bf6 34. c3 Rb6 35. Re2 Rd6 36. Rd2 Re6 37. Nd4 Bxd4 38. cxd4 Kc7 39. Re2
Rf6+ 40. Ke1 Kd6 41. Re5 Rf7 42. Ke2 Rc7 43. Kd2 Rf7 44. Kd3 Rf1 45. Re2 Kd5
46. Re7 b6 47. Rd7+ Kc6 48. Rh7 Rf6 49. a4 Kd6 50. Kc4 Re6 51. b4 Rf6 52. Ra7
Rf1 53. Rxa6 Rc1+ 54. Kb5 Kd5 55. Rxb6 Kxd4 56. Rxh6 Rc8 57. a5 Rb8+ 58. Ka4
Kc3 59. Rc6+ Kd4 60. b5 1-0

[Event "Eving- Gerthe"]
[Site "?"]
[Date "2022.10.16"]
[Round "3.5"]
[White "Kalle, Yannis"]
[Black "Krams, Amatus"]
[Result "1/2-1/2"]
[WhiteElo "1787"]
[BlackElo "1474"]
[PlyCount "71"]
[SourceDate "2022.10.02"]

1. e4 e5 2. Nf3 Nc6 3. Bb5 Nge7 4. O-O g6 5. c3 Bg7 6. d4 exd4 7. cxd4 O-O 8.
Nc3 d6 9. h3 h6 10. Be3 Kh7 11. Qd2 f5 12. d5 Ne5 13. Nxe5 dxe5 14. f3 b6 15.
Rfd1 f4 16. Bf2 Rf6 17. Rac1 g5 18. Be2 a6 19. a4 Qe8 20. a5 b5 21. Na2 Qh5 22.
Rxc7 Ng6 23. Bf1 Nh4 24. Bxh4 gxh4 25. Qc3 Rg6 26. Rxc8 Rxc8 27. Qxc8 Qxf3 28.
Nc3 b4 29. Rd3 Rxg2+ 30. Bxg2 Qxd3 31. Qf5+ Kh8 32. Na4 Qe3+ 33. Kh1 Qe1+ 34.
Kh2 Qg3+ 35. Kg1 Qe3+ 36. Kh1 1/2-1/2

[Event "Eving- Gerthe"]
[Site "?"]
[Date "2022.10.16"]
[Round "3.6"]
[White "Nathe, Nico"]
[Black "Boost, Juergen"]
[Result "1/2-1/2"]
[WhiteElo "1733"]
[BlackElo "1949"]
[PlyCount "69"]
[SourceDate "2022.10.02"]

1. d4 d5 2. c4 e6 3. Nc3 Nf6 4. e3 Be7 5. Nf3 O-O 6. Bd3 dxc4 7. Bxc4 b6 8. O-O
Bb7 9. b3 c5 10. Bb2 Nc6 11. Ne2 Rc8 12. Nf4 Nd5 13. Nd3 cxd4 14. Nxd4 Na5 15.
Bxd5 Qxd5 16. Qg4 Qg5 17. Qh3 Qh4 18. Qxh4 Bxh4 19. Nf3 Bxf3 20. gxf3 Rfd8 21.
Nf4 Rc2 22. Ng2 Rxb2 23. Nxh4 Kf8 24. Rfb1 Rdd2 25. Rxb2 Rxb2 26. Rc1 Rxa2 27.
Rc8+ Ke7 28. Rc7+ Kf6 29. Rxa7 Ra1+ 30. Kg2 Nxb3 31. Rb7 Ra6 32. f4 Nc5 33. Rb8
Nd7 34. Rb7 Nc5 35. Rb8 1/2-1/2